Guess the 1960s song lyrics #130 - Statistics

General Stats
  • This quiz has been taken 17 times
  • The average score is 158 of 192
Answer Stats
Answer % Correct
a
100%
and
100%
But
100%
do
100%
I
100%
I'm
100%
love
100%
me
100%
the
100%
you
100%
in
93%
know
93%
to
93%
To
93%
your
93%
don't
86%
how
86%
like
86%
make
86%
this
86%
want
86%
with
86%
All
79%
Are
79%
now
79%
things
79%
even
71%
Just
71%
kiss
71%
learn
71%
way
71%
Yes
71%
At
64%
Baby
64%
fall
64%
hold
64%
ready
64%
going
57%
hand
57%
lips
50%
right
43%
moment
36%
understand
36%
hug
29%
Barbara Mason
14%
No matching quizzes found
Score Distribution
Percent of People with Each Score
Percentile by Number Answered
Your Score History
You have not taken this quiz